Handbok : Sveriges frankotecken (Record no. 1866)

000 -LEADER
fixed length control field 00523nam a22000977a 4500
008 - FIXED-LENGTH DATA ELEMENTS--GENERAL INFORMATION
fixed length control field 160321b xxu||||| |||| 00| 0 eng d
100 ## - MAIN ENTRY--AUTHOR'S NAME
Author's Name Sveriges Filatelist-Forbund.
245 ## - TITLE STATEMENT
Title Handbok : Sveriges frankotecken
260 ## - PUBLICATION, DISTRIBUTION, ETC. (IMPRINT)
Place of publication, distribution, etc. Stockholm, Sweden
Name of publisher, distributor, etc. Sveriges Filatelist-Forbund
Date of publication, distribution, etc. 1961 - 1964
650 ## - TOPICAL TERM (Tag)
Topical term or geographic name Sweden | 19th Century | 20th Century | Definitive Issues | Production | Errors and Varieties | Essays and Proofs | Plates and Plating | Stamps -- Histories | Designs | Postal History | Postal Markings | Pre-adhesive Covers | Covers

No items available.

Powered by Koha